• 首页
  • 本馆介绍
  • 公告通知
  • 最新文献
  • 馆藏检索
  • 电子资源
  • 读者导购
  • 参考咨询
  • 我的图书馆
  • 登录
  • 详细信息显示
  • 放入我的书架
  • 随书关联资源信息
  • 预约/预借图书
  • 作者相关作品
  • 分类相关作品
  • 丛书相关作品
  • 出版社相关作品

书目信息

  • 表格格式
  • 工作单格式
  • 卡片格式
题名:
Adobe Photoshop CS2案例风暴
    
 
作者: ;朱宝丽 , 冯建华 编著 ;Adobe专家委员会DDC传媒 主编
分册: II  
出版信息: 北京   电子工业出版社  2007
页数: 261页
开本: 26cm
丛书名: Adobe中国风暴系列
单 册:
中图分类: TP639.141 , TP391.41
科图分类:
主题词: 图形软件--Photoshop CS2 , 图形软件 , 计算机应用
电子资源:
ISBN: 978-7-121-03676-7
000 01339oam2 2200337 450
001 012007217940
005 20070810155027.71
010    @a978-7-121-03676-7@dCNY52.00(含光盘)
100    @a20070714d2007 km y0chiy0120 ea
101 0  @achi
102    @aCN@b110000
105    @ay z 000yy
106    @ar
200 1  @aAdobe Photoshop CS2案例风暴@AAdobe Photoshop CS2 an li feng bao@hII@fAdobe专家委员会DDC传媒主编@FAdobe zhuan jia wei yuan hui DDC chuan mei zhu bian@g朱宝丽,冯建华编著@Gzhu bao li,feng jian hua bian zhu
210    @a北京@c电子工业出版社@d2007
215    @a261页@d26cm@e光盘1片
225 2  @aAdobe中国风暴系列
307    @a光盘ISBN:978-89485-134-5
330    @a本书通过引用众多实用案例,详细而周到地讲述了Photoshop CS2的基本功能、各类工具及其操作方法,使得读者不仅能够非常直观而轻松地学会使用Photoshop CS2软件,而且可以轻易地将书中所讲的案例直接应用于实际工作当中。
461  0 @12001 @aAdobe中国风暴系列
606 0  @a图形软件@xPhotoshop CS2
606 0  @a图形软件
606 0  @a计算机应用
610 0  @aPhotoshop CS2
690    @aTP639.141@v4
690    @aTP391.41@v3
702  0 @a朱宝丽@Azhu bao li@4编著
702  0 @a冯建华@Afeng jian hua@4编著
711 02 @aAdobe专家委员会DDC传媒@AAdobe zhuan jia wei yuan hui DDC chuan mei@4主编
801  0 @aCN@bRULIN@c20070810
905    @dTP391.41@e550@s6
    
    Adobe Photoshop CS2案例风暴.II/Adobe专家委员会DDC传媒主编/朱宝丽,冯建华编著.-北京:电子工业出版社,2007
    261页;26cm+光盘1片.-(Adobe中国风暴系列)
    
    
    ISBN 978-7-121-03676-7:CNY52.00(含光盘)
    本书通过引用众多实用案例,详细而周到地讲述了Photoshop CS2的基本功能、各类工具及其操作方法,使得读者不仅能够非常直观而轻松地学会使用Photoshop CS2软件,而且可以轻易地将书中所讲的案例直接应用于实际工作当中。
●
相关链接 在E读中查询图书 在五车中查询图书 在当当中查询图书 在豆瓣中查询图书


正题名:Adobe Photoshop CS2案例风暴     索取号:TP391.41/550         预约/预借

序号 登录号 条形码 馆藏地/架位号 状态 备注
1 0583495   205834953   第二样本阅览室/ [索取号:TP391.41/550] 在馆    
2 0583496   205834962   第三借阅区/ [索取号:TP391.41/550] 在馆    
3 0583497   205834971   第三借阅区/ [索取号:TP391.41/550] 在馆    
4 0583498   205834980   第三借阅区/ [索取号:TP391.41/550] 在馆    
5 0583499   205834999   第三借阅区/ [索取号:TP391.41/550] 在馆    
6 0583500   205835006   第三借阅区/ [索取号:TP391.41/550] 在馆    

本书有关联资源:

1 .光盘  /ISO  :Adobe Photoshop CS2案例风暴II /Adobe专家委员会DDC传媒主编 下载
唐山师范学院图书馆 欢迎您!
大连网信软件有限公司© 版权所有